000 01063 a2200289 4500
003 CBULib
005 20240710102208.0
008 240118b |||||||| |||| 00| 0 eng d
040 _aCBULib
_bEnglish
_cCBULib
_erda
041 _aeng
050 _aCBU-PG THESIS/MUM
100 _aMumba, Ray
_92243
245 _aA study of the effect of innovation and creativity on the firm performance of small to medium-sized ( SMEs) in the information sector: a case of Ndola based manufacturing firms
_c/ by Ray Mumba
260 _bCopperbelt University,
_c2022.
_aKitwe:
300 _axviii, 71 pages : illustrations
336 _2rdacontent
_aText |
_btxt
337 _2rdamedia
_aUnmediated |
_bn
338 _2rdacarrier
_aVolume
_bnc
500 _aincludes bibliographical references and appendices
650 0 _92161
_aINNOVATIONS
650 0 _92244
_aINNOVATION AND CREATIVITY
650 0 _91717
_aSMALL AND MEDIUM ENTERPRISES
650 0 _aSMEs--ZAMBIA
_91744
650 0 _92245
_aNDOLA DISTRICT
650 0 _91885
_aMANUFACTURING COMPANIES
942 _2lcc
_c030
999 _c84084
_d84084